000 00636nam a2200217 i 4500
001 25172
003 ES-MaACL
005 20230906153214.0
007 t|
008 021220s1971 sp ||||1| spa d
100 1 _aApostel, Leo.
_922104
245 1 0 _aMaterialisme dialéctic, métode cientific /
_cLeo Apostel ; [Traducció de Miguel Adrover].
250 _a1ª ed.
260 _aBarcelona :
_bEdiciones 62,
_c[1971]
300 _a75 p. ;
_c18 cm.
490 1 _aL' Escorpi ;
_v27
700 0 _aAdrover, Miquel.
_918486
830 0 _aL' Escorpi ;
_v27
_9184023
852 _aES-MaACL
_jC-48210
_bR.77031
999 _c25172
_d25172